Statistics for Movie Poster Mix-Up #5

Click here to take the quiz!

General Stats

  • This quiz has been taken 1,629 times
  • The average score is 5 of 12

Answer Stats

Answer% Correct
Aladdin
99%
Enola Holmes
66%
10 Things I Hate About You
55%
The Irishman
52%
The Passion of the Christ
47%
Scrooged
42%
The Man in the Iron Mask
35%
The Northman
34%
The Wicker Man
34%
Atomic Blonde
29%
John Carter
24%
Roxanne
20%

Score Distribution

Percentile by Number Answered

Percent of People with Each Score

Your Score History

You have not taken this quiz